| 000 | 01077cam a22002777a 4500 | ||
|---|---|---|---|
| 001 | 13771352 | ||
| 005 | 20250223195034.0 | ||
| 008 | 041103s2003 ctu 001 0 eng d | ||
| 020 | _a0071399305 | ||
| 050 | 0 | 0 |
_aRM105 _b.K386 2003 |
| 082 | 0 | 0 |
_a615/.1/ _222 |
| 100 | 1 | _aKatzung, Bertram | |
| 245 | 1 | 0 |
_aPharmacology / _cBertram Katzung and Anthony Trevor. |
| 260 |
_aEast Norwalk, Conn. : _bAppleton & Lange ; _aMaidenhead : _bMcGraw-Hill, _c2003. |
||
| 300 |
_aix, 176 p. : _bill. ; _c24 cm. |
||
| 440 | 0 | _aUSMLE road map | |
| 500 | _aIncludes index. | ||
| 650 | 0 |
_aPharmacology _xExaminations _vStudy guides. |
|
| 650 | 1 | 2 |
_aPharmacology _vExamination Questions. |
| 650 | 1 | 2 |
_aPharmacology _vProblems and Exercises. |
| 700 | 1 | _aTrevor, Anthony | |
| 856 | 4 | 2 |
_3Publisher description _uhttp://www.loc.gov/catdir/description/mh051/2004303934.html |
| 856 | 4 | 1 |
_3Table of contents _uhttp://www.loc.gov/catdir/toc/mh051/2004303934.html |
| 856 | 4 | 2 |
_3Contributor biographical information _uhttp://www.loc.gov/catdir/enhancements/fy0705/2004303934-b.html |
| 942 |
_2lcc _cBK _n0 |
||
| 999 |
_c4239 _d4239 |
||